Aquatic Alphabet - O - Statistics

General Stats
  • This quiz has been taken 12 times
  • The average score is 4 of 15
Answer Stats
Hint Answer % Correct
A popular cephalopod know best for having eight limbs. Octopus
100%
The largest member of the dolphin family. An apex predator, with a mostly black body with white spots covering it, this "killer whale" is known to kill whales and sharks. Orca
100%
Pearls can be found in one in every ten thousand of this type of mollusc. Oyster
100%
These birds are successful hunters that circle over shallow waters to locate fish, to which they dive into the water feet-first to catch them. This successfully works in a quarter or more of their dives. Osprey
60%
The longest bony fish alive, according to the Guiness Book of World Records. Legend describes it to be a warning sign of future natural disasters such as earthquakes, if seen. Oarfish
20%
They are intelligent enough to recognize a person as their owner, and can be trained to eat from their hand. This cichlid's name is also a masculine name of English and Irish origin. Oscar
20%
An extremely venomous sea snake in Indo-Pacific coral reefs. Their venom works to internally break down prey for digestion, targeting both the muscle and nerves of its prey. Olive Sea Snake
10%
Also called the Ide, this fish from Northern Europe and Asia served as an ornamental fish in outdoor ponds, which it often escaped from. Orfe
10%
This fish has black and silver vertical stripes across its body, and its name comes from the sound it makes when caught, which it makes by grinding its teeth. Oldwife
0%
This is the most common flatfish species raised in aquaculture in Korea, though its commercial production didn't grow to major scales until the 1990s. Olive Flounder
0%
Their skin has a deep orange-red color, and its body shape looks similar to that of a sunfish (hence why it is also sometimes referred to as one). Opah
0%
A species of snow crab that was banned from commercial fishing in the Berring Sea in 2022, due to its sharp decline in population from eight billion to one billion within 2018-2021. Opilio Crab
0%
A breed of goldfish known for the bubble-like "hood" on its head, which is just a fleshy outgrowth on its upper head and sides of its face. Oranda
0%
The largest known slime head species, with a maximum standard length of 75cm/30in and a maximum weight of 7kg/15lbs. Orange Roughy
0%
Also called the seed shrimp, this tiny two-shelled crustacean lives in both oceans and humid environments on land. Ostracod
0%
No matching quizzes found
Score Distribution
Percent of People with Each Score
Percentile by Number Answered
Your Score History
You have not taken this quiz